Wildlife symphony (Registro nro. 16479)
[ vista simple ]
| 000 -CABECERA | |
|---|---|
| Campo de control | 004530000a22001570004500 |
| 041 0# - IDIOMA | |
| Código de idioma para texto/pista de sonido o título separado | |
| 090 ## - CLASIFICACIÓN LOCAL | |
| Colección | MM |
| Consecutivo | 00030 |
| 044 ## - PAÍS DE PUBLICACIÓN | |
| País de publicación | |
| 110 1# - ASIENTO PRINCIPAL--NOMBRE CORPORATIVO | |
| Nombre corporativo o de jurisdicción como elemento de entrada | Reader's Digest Association Inc. |
| 245 10 - MENCION DE TITULO | |
| Título | Wildlife symphony |
| Version | a musical celebration in nature |
| 260 ## - PUBLICACION, DISTRIBUCION, ETC. (PIE DE IMPRENTA) | |
| Lugar de publicación, distribución, etc. | Londres |
| Nombre del editor, distribuidor, etc. | Reader's Digest Association Inc. |
| Fecha de publicación, distribución, etc. | 1993 |
| 300 ## - DESCRIPCION FISICA | |
| Extensión | 48 min. |
| Otros detalles físicos | VHS |
| 650 14 - ASIENTO SECUNDARIO DE MATERIA - TERMINO TEMATICO | |
| Término temático o nombre geográfico como elemento de entrada | Fauna silvestre |
| 650 14 - ASIENTO SECUNDARIO DE MATERIA - TERMINO TEMATICO | |
| Término temático o nombre geográfico como elemento de entrada | Música clásica |
| 942 ## - ELEMENTOS ADICIONALES (KOHA) | |
| Tipo de ítem | CD-ROM |
| Withdrawn status | Lost status | Sistema de Clasificación | Damaged status | No para préstamo | Colección | Ubicación Permanente | Ubicación actual | Fecha de adquisición | Fuente de Valor | Total Checkouts | Número topográfico | Inventario / Código de Barras | Date last seen | Ejemplar | Price effective from | Forma de adquisición | Tipo de material |
|---|---|---|---|---|---|---|---|---|---|---|---|---|---|---|---|---|---|
| Local | Audiovisual | Bogotá | Bogotá | 09/02/2017 | Desconocido | AV-00030 | 014167 | 25/03/2015 | Ej. 1 | 25/03/2015 | Donación | VHS | |||||
| Audiovisual | Villa de Leyva | Villa de Leyva | 27/02/2015 | MM 00030 | AUTO_19869 | 25/03/2015 | 25/03/2015 | CD-ROM |